Central Library OPAC University of Rajshahi

Media : (Record no. 33624)

MARC details
000 -LEADER
fixed length control field 00937cam a22002892 4500
001 - CONTROL NUMBER
control field 33624
003 - CONTROL NUMBER IDENTIFIER
rucl marc code BD-RjUL
005 - DATE AND TIME OF LATEST TRANSACTION
control field 20211209052033.0
008 - FIXED-LENGTH DATA ELEMENTS--GENERAL INFORMATION
fixed length control field 140510t1976 nju b 001 0 eng d
020 ## - INTERNATIONAL STANDARD BOOK NUMBER
International Standard Book Number 0135724201
035 ## - SYSTEM CONTROL NUMBER
System control number (BD-RjUL)33715
040 ## - CATALOGING SOURCE
Original cataloging agency DLC
Transcribing agency DLC
Modifying agency EQO
-- BD-RjUL
Language of cataloging eng
041 ## - LANGUAGE CODE
Language code of text/sound track or separate title eng
082 04 - DEWEY DECIMAL CLASSIFICATION NUMBER
Classification number 301.1610973
Author mark and year SAM 1976
100 1# - MAIN ENTRY--PERSONAL NAME
Personal name Sandman, Peter M.
9 (RLIN) 102069
245 10 - TITLE STATEMENT
Title Media :
Remainder of title an introductory analysis of American mass communications /
Statement of responsibility, etc. [by] Peter M. Sandman, David M. Rubin [and] David B. Sachsman.
250 ## - EDITION STATEMENT
Edition statement 2nd ed.
260 ## - PUBLICATION, DISTRIBUTION, ETC. (IMPRINT)
Place of publication, distribution, etc. Englewood Cliffs, N.J. :
Name of publisher, distributor, etc. Prentice-Hall,
Date of publication, distribution, etc. 1976.
300 ## - PHYSICAL DESCRIPTION
Pagination ix, 483 p. ;
Size 25 cm.
504 ## - BIBLIOGRAPHY, ETC. NOTE
Bibliography, etc Includes bibliographical reference and index.
650 #0 - SUBJECT ADDED ENTRY--TOPICAL TERM
Topical term or geographic name as entry element Mass media
Geographic subdivision United States.
9 (RLIN) 102070
700 1# - ADDED ENTRY--PERSONAL NAME
Personal name Rubin, David M.,
Dates associated with a name 1945-
Personal name Sachsman, David B.
942 ## - ADDED ENTRY ELEMENTS (KOHA)
Source of classification or shelving scheme Dewey Decimal Classification
Koha item type Books
Holdings
Lost status Source of classification or shelving scheme Damaged status Not for loan Collection code Permanent Location Current Location Shelving location Date acquired Source of acquisition Total Checkouts Full call number Date last seen Copy number Koha item type
  Dewey Decimal Classification   Not For Loan Non-fiction Central Library, University of Rajshahi Central Library, University of Rajshahi Reading Room 20/09/1977 asia foundation   301.1610973 SAM 1976 10/05/2014 C-1 Books